000 nam a22 a 4500
999 _c404108
_d404108
003 BLK
005 20221208031040.0
008 180412b bul|||||r ||||||| ||bul||
040 _aBLK
041 _aFRE
_cFRE
080 _aГражданско право
_b347
_z347(450)
080 _aГражданско право
_b347
_z347(44)
100 _aHuc, Théophile
_eпърви автор
_9435353
139 _aHuc, Théophile et al.
245 1 0 _aLe Code civil italien et le Code Napoléon, études de législation comparée
_bT. I -
_cThéophile Huc et al.
245 1 0 _aSuivie d'une traduction complète du Code civil italien, annoté et augmenté d'une Conférence de ses articles avec láncien Code Sarde et le Code Napoleon
_cJoseph Orsier
_nT. ІІ.
_pTraduction du Code civil italien
250 _a2. ed. considérablement augm.
257 _aFRA
260 _aParis
_bCotillon, Libr. du conseil d'etat
_c1868 -
_9435355
300 _c21 см
380 _a3
490 _aКолекция Редки и ценни издания
_9435080
650 0 _aГраждански процесуален кодекс - Италия
_9435357
651 7 _9178965
_aИталия
653 7 _aгражданско право
_9184351
653 7 _aграждански процес
_9184347
700 _aOrsier, Joseph
_eсъавт.
_91445
760 1 _aHuc, Théophile
_dParis, 1868
_h463 с.
_oТ. IІ.
_tTraduction du Code civil italien
852 _aРф 868
_bРц
856 4 _qpdf
_u
856 4 _qpdf
_u
942 _cKNG
_n0
_s1
944 _aCR
_c2021-03-30
_kКети
999 _d404108